000 00609nam a2200265Ia 4500
005 20260121172959.0
008 008 260114s9999 xx 000 0 eng d
020 _a9783030821203
037 _aEBOOK
040 _aCRL
040 _beng
040 _cCRL
041 _2eng
041 _aeng
084 _qCRL
100 _aAaron Hunter
_91095146
245 0 _aPolly Platt
260 _bSpringer
260 _bSpringer
260 _c2021
856 _uhttps://link.springer.com/openurl?genre=book&isbn=978-3-030-82120-3
942 _cEBOOK
999 _c1660888
_d1660888